Guess the item and its crafting recipe in Minecraft - Statistics

General Stats
  • This quiz has been taken 60 times
  • The average score is 9 of 10
Answer Stats
Answer % Correct
96%
96%
96%
96%
92%
92%
92%
73%
73%
71%
No matching quizzes found
Score Distribution
Percent of People with Each Score
Percentile by Number Answered
Your Score History
You have not taken this quiz